[Event "32. Staufer-Open A-Turnier"]
[Site "Schwäbisch Gmünd"]
[Date "2020.01.05"]
[Round "7.30"]
[White "Westphal, Wolfgang"]
[Black "Baskin, Robert"]
[Result "1/2-1/2"]
[WhiteElo "2151"]
[BlackElo "2406"]
[PlyCount "46"]
[EventDate "2020.??.??"]
[WhiteTeam "SF Schwerin"]
[BlackTeam "Wiesbadener SV"]

1. e4 d6 2. d4 Nf6 3. Nc3 g6 4. Be2 Bg7 5. e5 Nfd7 6. exd6 cxd6 7. Be3 a6 8.
Qd2 b5 9. Bh6 Bxh6 10. Qxh6 Nf6 11. Bf3 Ra7 12. Nge2 Bb7 13. Bxb7 Rxb7 14. O-O
b4 15. Nd1 Rb5 16. Ng3 Nc6 17. c3 bxc3 18. bxc3 Qb8 19. Ne3 Kd7 20. Rfd1 Rc8
21. c4 Rb2 22. Qh3+ Ke8 23. Nd5 Nxd5 1/2-1/2

[Event "32. Staufer-Open A-Turnier"]
[Site "Schwäbisch Gmünd"]
[Date "2020.01.05"]
[Round "7.35"]
[White "Höthe, Christian"]
[Black "Lavrinenkov, Vadim"]
[Result "0-1"]
[WhiteElo "2144"]
[BlackElo "2314"]
[PlyCount "100"]
[EventDate "2020.??.??"]
[WhiteTeam "SV Gifhorn"]
[BlackTeam "SK Kriegshaber"]

1. e4 d5 2. exd5 Qxd5 3. Nc3 Qd8 4. d4 Nf6 5. Nf3 Bg4 6. h3 Bxf3 7. Qxf3 c6 8.
Qd3 e6 9. a3 Bd6 10. Ne4 Nxe4 11. Qxe4 Nd7 12. Bd3 Nf6 13. Qf3 Qa5+ 14. Bd2 Qd5
15. Qxd5 exd5 16. Bb4 Kd7 17. Bf5+ Kc7 18. Bxd6+ Kxd6 19. Kd2 Nh5 20. g3 g6 21.
Bg4 Ng7 22. h4 h5 23. Bh3 Rhe8 24. Rae1 Kc7 25. Kd3 Rad8 26. c3 Rd6 27. Rxe8
Nxe8 28. Re1 Kd8 29. b4 Rf6 30. f4 Nd6 31. Rg1 Ne4 32. Rg2 b5 33. Kc2 Kc7 34.
Kb3 Rd6 35. f5 Rf6 36. g4 hxg4 37. Bxg4 gxf5 38. Bf3 Rg6 39. h5 Rxg2 40. Bxg2
Nf6 41. h6 Kd6 42. Kc2 Ke6 43. Kd3 Nh7 44. Ke3 Kf6 45. Bh3 Ng5 46. h7 Nxh7 47.
Kf4 Ke7 48. Bxf5 Nf6 49. Ke3 Ne4 50. Kd3 Nd6 0-1

[Event "32. Staufer-Open A-Turnier"]
[Site "Schwäbisch Gmünd"]
[Date "2020.01.05"]
[Round "7.37"]
[White "Dahl, Christoph"]
[Black "Höglauer, Patrick"]
[Result "1-0"]
[WhiteElo "2137"]
[BlackElo "2299"]
[PlyCount "47"]
[EventDate "2020.??.??"]
[WhiteTeam "SG Grün-Weiß Dresden"]
[BlackTeam "SC Grunbach"]

1. e4 c5 2. Nf3 d6 3. d4 cxd4 4. Nxd4 Nf6 5. Nc3 a6 6. Bg5 e6 7. f4 h6 8. Bh4
Nbd7 9. Qf3 Be7 10. O-O-O g5 11. fxg5 Ne5 12. gxf6 Nxf3 13. fxe7 Qa5 14. Nxf3
Qc5 15. Rd2 Bd7 16. Be2 Rc8 17. Rhd1 Rc6 18. Bf6 Rg8 19. Ne5 Rc7 20. Rxd6 Qf2
21. Nxd7 Rxg2 22. Nb6 Qxf6 23. Rd8+ Kxe7 24. Nc8+ 1-0

[Event "32. Staufer-Open A-Turnier"]
[Site "Schwäbisch Gmünd"]
[Date "2020.01.05"]
[Round "7.39"]
[White "Welling, Gerard"]
[Black "Redzisz, Michal"]
[Result "1-0"]
[WhiteElo "2289"]
[BlackElo "2104"]
[PlyCount "73"]
[EventDate "2020.??.??"]

1. d4 Nf6 2. Nf3 d5 3. e3 e6 4. Bd3 c5 5. c3 Nc6 6. Nbd2 Be7 7. O-O O-O 8. dxc5
Bxc5 9. e4 dxe4 10. Nxe4 Nxe4 11. Bxe4 Qxd1 12. Rxd1 f6 13. b4 Bb6 14. a4 a5
15. b5 Nd8 16. Ba3 Re8 17. c4 Nf7 18. c5 Bd8 19. c6 Rb8 20. Rxd8 Nxd8 21. c7
Ra8 22. cxd8=Q Rxd8 23. Bc5 f5 24. Bc2 Bd7 25. Bb3 Rdc8 26. Bd4 Rc7 27. b6 Rc6
28. Ne5 Rd6 29. Bc5 Rd2 30. Nxd7 Rd8 31. Bxe6+ Kh8 32. g3 Re8 33. Bxf5 Ree2 34.
Be3 Ra2 35. Rc1 g6 36. Be6 Kg7 37. Bxa2 1-0

[Event "32. Staufer-Open A-Turnier"]
[Site "Schwäbisch Gmünd"]
[Date "2020.01.05"]
[Round "7.40"]
[White "Baltic, Fatih"]
[Black "Budzyn, Matthias"]
[Result "0-1"]
[WhiteElo "2286"]
[BlackElo "2119"]
[PlyCount "66"]
[EventDate "2020.??.??"]
[WhiteTeam "SV Mülheim-Nord"]
[BlackTeam "SG Turm Kiel"]

1. e4 e5 2. Nf3 Nc6 3. Bc4 Nf6 4. d3 Be7 5. O-O O-O 6. Re1 d6 7. a4 Be6 8. Nbd2
Qd7 9. Nf1 a6 10. Ng3 Na5 11. Bxe6 fxe6 12. Bd2 Nc6 13. c3 h6 14. d4 exd4 15.
cxd4 d5 16. e5 Nh7 17. Rb1 Bb4 18. Bxb4 Nxb4 19. b3 a5 20. Rc1 Nc6 21. Qd2 Rf7
22. Rf1 Qe7 23. Ne1 Qh4 24. Nf3 Rxf3 25. gxf3 Nxd4 26. Rc3 Ng5 27. Qd1 Rf8 28.
f4 Qxf4 29. f3 Qxe5 30. Kg2 Nf5 31. Qc1 Nh4+ 32. Kh1 Nhxf3 33. Rxc7 Ne4 0-1

[Event "32. Staufer-Open A-Turnier"]
[Site "Schwäbisch Gmünd"]
[Date "2020.01.05"]
[Round "8.1"]
[White "Schröder, Jan-Christian"]
[Black "Rosner, Jonas"]
[Result "1-0"]
[WhiteElo "2553"]
[BlackElo "2428"]
[PlyCount "55"]
[EventDate "2020.??.??"]
[WhiteTeam "SF 1903 Berlin"]
[BlackTeam "SK Ettlingen"]

1. e4 c6 2. Nc3 d5 3. Nf3 Bg4 4. h3 Bxf3 5. Qxf3 Nf6 6. d3 e6 7. Be2 Nbd7 8.
Qg3 d4 9. Nb1 Be7 10. O-O O-O 11. a4 e5 12. Na3 Bd6 13. Nc4 Bc7 14. f4 exf4 15.
Bxf4 Bxf4 16. Rxf4 Nc5 17. e5 Ne8 18. Bg4 Nc7 19. Nd6 N7e6 20. Bxe6 Nxe6 21.
Rf6 Qa5 22. Raf1 Nd8 23. Nf5 g6 24. Nh6+ Kg7 25. Qg5 Qc5 26. b4 Qd5 27. R1f4
Qd7 28. Rd6 1-0

[Event "32. Staufer-Open A-Turnier"]
[Site "Schwäbisch Gmünd"]
[Date "2020.01.05"]
[Round "8.2"]
[White "Iniyan, Panneer Selvam"]
[Black "Buckels, Valentin"]
[Result "1-0"]
[WhiteElo "2494"]
[BlackElo "2459"]
[PlyCount "71"]
[EventDate "2020.??.??"]
[BlackTeam "SV Mülheim-Nord"]

1. d4 d5 2. c4 e6 3. Nf3 Nf6 4. Nc3 Be7 5. Bf4 O-O 6. e3 b6 7. Rc1 Bb7 8. cxd5
Nxd5 9. Nxd5 Qxd5 10. a3 c5 11. Bc4 Qe4 12. Bd3 Qd5 13. Bc4 Qe4 14. O-O cxd4
15. Bd3 Qd5 16. Rc7 Bd8 17. e4 Bxc7 18. exd5 Bxf4 19. dxe6 fxe6 20. Nxd4 Bd5
21. Re1 Nd7 22. Nxe6 Bxe6 23. Rxe6 Nc5 24. Re7 Rad8 25. Qg4 Bh6 26. Bc4+ Kh8
27. g3 Nd3 28. Bxd3 Rxd3 29. Qf5 Rdd8 30. Rd7 Rde8 31. Rf7 g6 32. Qd7 Re1+ 33.
Kg2 Rxf7 34. Qxf7 Bg7 35. b4 a5 36. b5 1-0

[Event "32. Staufer-Open A-Turnier"]
[Site "Schwäbisch Gmünd"]
[Date "2020.01.05"]
[Round "8.4"]
[White "Burmakin, Vladimir"]
[Black "Stork, Oliver"]
[Result "1/2-1/2"]
[WhiteElo "2519"]
[BlackElo "2267"]
[PlyCount "73"]
[EventDate "2020.??.??"]
[WhiteTeam "SF 90 Spraitbach"]
[BlackTeam "SV Oberursel"]

1. Nf3 Nf6 2. g3 g6 3. b3 Bg7 4. Bb2 O-O 5. Bg2 a5 6. c4 a4 7. O-O c6 8. d3 d5
9. Nbd2 Nbd7 10. Qc2 Re8 11. Ne5 Nxe5 12. Bxe5 Bg4 13. Nf3 Qd7 14. Rab1 Qf5 15.
Bxf6 Bxf6 16. bxa4 Ra7 17. Rb4 Rea8 18. cxd5 cxd5 19. Nd4 Qh5 20. e3 Bd7 21.
Nb5 Ra5 22. Rfb1 Bc6 23. e4 e6 24. exd5 exd5 25. Re1 Qh6 26. h4 Qf8 27. Qb3 Qd8
28. Rf4 Bg7 29. h5 Qd7 30. hxg6 hxg6 31. Qd1 Bxb5 32. axb5 Rxa2 33. Qf3 Ra1 34.
Rxa1 Rxa1+ 35. Kh2 Be5 36. Rh4 Rb1 37. Qxd5 1/2-1/2

[Event "32. Staufer-Open A-Turnier"]
[Site "Schwäbisch Gmünd"]
[Date "2020.01.05"]
[Round "8.5"]
[White "Vorobiov, Evgeny E"]
[Black "Wenninger, Philipp"]
[Result "1-0"]
[WhiteElo "2535"]
[BlackElo "2366"]
[PlyCount "67"]
[EventDate "2020.??.??"]
[WhiteTeam "SF 90 Spraitbach"]
[BlackTeam "TSV Schönaich"]

1. e4 c6 2. d4 d5 3. Nc3 dxe4 4. Nxe4 Bf5 5. Ng3 Bg6 6. h4 h6 7. Bd3 Bxd3 8.
Qxd3 e6 9. Bd2 Nf6 10. N1e2 Nbd7 11. O-O-O Be7 12. Kb1 O-O 13. Ne4 Nxe4 14.
Qxe4 Nf6 15. Qd3 Qd5 16. f3 h5 17. Bg5 Qf5 18. Qxf5 exf5 19. Nf4 g6 20. Rhe1
Bd8 21. c4 Kg7 22. Kc2 Re8 23. Rxe8 Nxe8 24. Bxd8 Rxd8 25. Kc3 Kf6 26. b4 Nc7
27. d5 cxd5 28. Nxd5+ Kg7 29. a4 Ne6 30. a5 a6 31. Rd2 Kf8 32. f4 Rd7 33. g3
Rd8 34. Nc7 1-0

[Event "32. Staufer-Open A-Turnier"]
[Site "Schwäbisch Gmünd"]
[Date "2020.01.05"]
[Round "8.6"]
[White "Köllner, Ruben Gideon"]
[Black "Vogel, Roven"]
[Result "1-0"]
[WhiteElo "2328"]
[BlackElo "2465"]
[PlyCount "67"]
[EventDate "2020.??.??"]
[WhiteTeam "SF Deizisau"]
[BlackTeam "USV TU Dresden"]

1. d4 d5 2. c4 e6 3. Nc3 Bb4 4. cxd5 exd5 5. a3 Bxc3+ 6. bxc3 c5 7. Nf3 Nf6 8.
g3 O-O 9. Bg2 c4 10. O-O Bf5 11. Nh4 Be6 12. f3 Ne8 13. e4 Nd6 14. Qc2 f6 15.
a4 Nc6 16. Ba3 Rf7 17. Bxd6 Qxd6 18. f4 Ne7 19. Rae1 Raf8 20. Rf2 g5 21. Nf5
Nxf5 22. exf5 Bd7 23. fxg5 fxg5 24. Re5 Bc6 25. Qd2 Rg7 26. Re6 Qd8 27. Qe3
Bxa4 28. f6 Rg6 29. Qe5 Bc6 30. Re7 Rf7 31. Bxd5 Qxd5 32. Re8+ Rf8 33. Rxf8+
Kxf8 34. Qe7+ 1-0

[Event "32. Staufer-Open A-Turnier"]
[Site "Schwäbisch Gmünd"]
[Date "2020.01.05"]
[Round "8.7"]
[White "Lanka, Zigurds"]
[Black "Perske, Thore"]
[Result "1/2-1/2"]
[WhiteElo "2377"]
[BlackElo "2440"]
[PlyCount "39"]
[EventDate "2020.??.??"]
[WhiteTeam "SC Viernheim"]
[BlackTeam "SF 1903 Berlin"]

1. e4 e5 2. Nf3 Nc6 3. Bb5 a6 4. Ba4 Nf6 5. d3 d6 6. c3 Bd7 7. Nbd2 g6 8. Nf1
Bg7 9. Bg5 h6 10. Bh4 Ne7 11. Bc2 c6 12. Qe2 a5 13. d4 Nh5 14. Bg3 Nxg3 15.
hxg3 Qb6 16. O-O-O Be6 17. dxe5 dxe5 18. Kb1 Rd8 19. Rxd8+ Kxd8 20. Ne3 1/2-1/2

[Event "32. Staufer-Open A-Turnier"]
[Site "Schwäbisch Gmünd"]
[Date "2020.01.05"]
[Round "8.9"]
[White "Skembris, Spyridon"]
[Black "Krastev, Alexander"]
[Result "1/2-1/2"]
[WhiteElo "2415"]
[BlackElo "2333"]
[PlyCount "40"]
[EventDate "2020.??.??"]
[WhiteTeam "SC Grunbach"]
[BlackTeam "Biebertaler SF"]

1. c4 e5 2. g3 Nf6 3. Bg2 h6 4. b3 d5 5. cxd5 Nxd5 6. Bb2 Nc6 7. Nc3 Be6 8. Nf3
Nb6 9. O-O Be7 10. d4 exd4 11. Nb5 Bd5 12. Nbxd4 O-O 13. Nxc6 Bxc6 14. Qc2 Bf6
15. Rad1 Qe7 16. Bxf6 Qxf6 17. Nd4 Bxg2 18. Kxg2 Rad8 19. Qf5 Qxf5 20. Nxf5
Rfe8 1/2-1/2

[Event "32. Staufer-Open A-Turnier"]
[Site "Schwäbisch Gmünd"]
[Date "2020.01.05"]
[Round "8.12"]
[White "Sedlak, Nikola"]
[Black "Osmanodja, Filiz"]
[Result "1/2-1/2"]
[WhiteElo "2563"]
[BlackElo "2203"]
[PlyCount "138"]
[EventDate "2020.??.??"]
[WhiteTeam "SV Deggendorf"]
[BlackTeam "USV TU Dresden"]

1. e4 e5 2. Nf3 Nc6 3. Bb5 a6 4. Ba4 Nf6 5. d3 d6 6. c3 g6 7. Nbd2 Bg7 8. Nf1
O-O 9. Bg5 h6 10. Bh4 Ne7 11. Ne3 g5 12. Bg3 Ng6 13. h4 g4 14. Nh2 h5 15. f3
Bh6 16. Nf5 Bxf5 17. exf5 Nf4 18. O-O N4d5 19. fxg4 Ne3 20. Qe2 hxg4 21. Bf2
Nxf1 22. Nxg4 Nxg4 23. Qxg4+ Kh7 24. Kxf1 Rh8 25. Qf3 Kg7 26. Ke2 c6 27. Rf1 f6
28. Bb3 d5 29. Qg4+ Kf7 30. Qg6+ Ke7 31. Bc5+ Kd7 32. Qf7+ Kc8 33. Qe6+ Kb8 34.
Be7 Qg8 35. Qxg8+ Rxg8 36. Bxf6 Rxg2+ 37. Kf3 Rxb2 38. Bxe5+ Kc8 39. c4 Rd2 40.
cxd5 Rxd3+ 41. Kg4 cxd5 42. Kh5 Bf8 43. f6 Kd7 {(=)} 44. Bc2 Rd2 45. Bf5+ Kc6
46. Bf4 Rg2 47. f7 Be7 48. Rc1+ Kb6 49. Bc7+ Kb5 50. Be5 Rf8 51. Bg6 Rd8 52.
Rf1 d4 53. Be4 Rxa2 54. Bf6 Bxf6 55. Rxf6 Rf8 56. Kg6 Rh2 57. Rf4 Kc4 58. Bxb7
Kc3 59. Kg7 Rxf7+ 60. Kxf7 d3 61. Bf3 d2 62. h5 Rh1 63. Rf6 a5 64. Kg7 d1=Q 65.
Rc6+ Kb3 66. Rb6+ Kc3 67. Bxd1 Rxd1 68. h6 a4 69. h7 Rd7+ 1/2-1/2

[Event "32. Staufer-Open A-Turnier"]
[Site "Schwäbisch Gmünd"]
[Date "2020.01.05"]
[Round "8.13"]
[White "Sieber, Fiona"]
[Black "Orlov, Andrey"]
[Result "0-1"]
[WhiteElo "2245"]
[BlackElo "2510"]
[PlyCount "70"]
[EventDate "2020.??.??"]
[WhiteTeam "SG Aufbau Elbe Magdeburg"]
[BlackTeam "Düsseldorfer SK"]

1. e4 c5 2. Nf3 a6 3. c4 Nc6 4. Nc3 e5 5. d3 d6 6. Be2 Be7 7. O-O f5 8. Ne1 f4
9. Bh5+ g6 10. Bg4 Bxg4 11. Qxg4 Nf6 12. Qe6 Nd4 13. Qh3 g5 14. g4 h5 15. f3
Kf7 16. Qg2 Qd7 17. Nd5 Nxd5 18. exd5 hxg4 19. Qxg4 Qxg4+ 20. fxg4 Rh4 21. Be3
Rxg4+ 22. Kh1 Nf5 23. Bf2 Rh8 24. Nf3 Ng3+ 25. Bxg3 Rxg3 26. Rad1 g4 27. Ng1
Kg6 28. Rd2 f3 29. h3 Bg5 30. Rh2 Bf4 31. b3 Be3 32. hxg4 Rxg1+ 33. Rxg1 Rxh2+
34. Kxh2 Bxg1+ 35. Kxg1 Kg5 0-1

[Event "32. Staufer-Open A-Turnier"]
[Site "Schwäbisch Gmünd"]
[Date "2020.01.05"]
[Round "8.14"]
[White "Pap, Misa"]
[Black "Dorst, Johannes"]
[Result "1/2-1/2"]
[WhiteElo "2427"]
[BlackElo "2222"]
[PlyCount "68"]
[EventDate "2020.??.??"]
[WhiteTeam "SF Augsburg"]
[BlackTeam "SK Marburg"]

1. e4 c5 2. Nf3 Nc6 3. c3 Nf6 4. e5 Nd5 5. Bc4 Nb6 6. Bb3 c4 7. Bc2 d6 8. exd6
Qxd6 9. O-O g6 10. Na3 Bg7 11. Qe2 Qe6 12. Qd1 O-O 13. b3 Nb4 14. Re1 Qd6 15.
Nxc4 Nxc4 16. bxc4 Nxc2 17. Qxc2 Be6 18. Qb3 Qc7 19. d3 b5 20. Nd4 bxc4 21.
Nxe6 fxe6 22. dxc4 Rab8 23. Qa3 Qxc4 24. Be3 Rb7 25. Rac1 Rd8 26. g3 Rd3 27.
Red1 Rxd1+ 28. Rxd1 a6 29. h4 Kf7 30. Bg5 h6 31. Be3 Qe2 32. Qc1 Rc7 33. Bd4
Qf3 34. Bxg7 Kxg7 {Rest nicht rekonstruierbar} 1/2-1/2

[Event "32. Staufer-Open A-Turnier"]
[Site "Schwäbisch Gmünd"]
[Date "2020.01.05"]
[Round "8.15"]
[White "Degenhard, Simon"]
[Black "Zwirs, Nico"]
[Result "0-1"]
[WhiteElo "2247"]
[BlackElo "2418"]
[PlyCount "92"]
[EventDate "2020.??.??"]
[WhiteTeam "Heilbronner SV"]
[BlackTeam "SV Mülheim-Nord"]

1. e4 c5 2. Nf3 d6 3. d4 cxd4 4. Nxd4 Nf6 5. Nc3 a6 6. Be3 e5 7. Nb3 Be6 8. h3
Be7 9. f4 exf4 10. Bxf4 Nc6 11. Qe2 Ne5 12. O-O-O Nfd7 13. g4 Rc8 14. Qg2 Rxc3
15. bxc3 Qc7 16. Qg3 O-O 17. g5 Rc8 18. h4 a5 19. Rd4 Nb6 20. Bh3 Bxh3 21. Qxh3
Ng6 22. Rf1 Rf8 23. Qg3 Nxf4 24. Rxf4 d5 25. Rg4 Ba3+ 26. Kd1 Bd6 27. Qf3 Nc4
28. exd5 Ne5 29. Qe3 Nxg4 30. Rxg4 Rd8 31. Re4 Bf8 32. c4 b5 33. Qd3 bxc4 34.
Rxc4 Qh2 35. Rd4 Re8 36. c3 Qxa2 37. Nc1 Qf2 38. Ne2 Bd6 39. Re4 Rb8 40. Nd4
Qa2 41. Nb5 Qb3+ 42. Ke2 Rxb5 43. Re8+ Bf8 44. d6 Rd5 45. Qe4 Qd1+ 46. Kf2 Rd2+
0-1

[Event "32. Staufer-Open A-Turnier"]
[Site "Schwäbisch Gmünd"]
[Date "2020.01.05"]
[Round "8.16"]
[White "Trifan, Andrei Ioan"]
[Black "Roseneck, Jonas"]
[Result "0-1"]
[WhiteElo "2245"]
[BlackElo "2413"]
[PlyCount "72"]
[EventDate "2020.??.??"]
[WhiteTeam "OSG Baden-Baden"]
[BlackTeam "SG Aufbau Elbe Magdeburg"]

1. e4 c5 2. Nf3 d6 3. d4 cxd4 4. Nxd4 Nf6 5. Nc3 a6 6. Bg5 e6 7. f4 h6 8. Bh4
Qb6 9. a3 Be7 10. Bf2 Qc7 11. Qd2 Nbd7 12. h3 b5 13. g4 Bb7 14. Bg2 g5 15. f5
e5 16. Nde2 h5 17. gxh5 Nxh5 18. O-O-O Rc8 19. Kb1 Bc6 20. Bf3 Nhf6 21. Nd5
Bxd5 22. exd5 a5 23. c3 Rb8 24. Rc1 Nc5 25. Bxc5 Qxc5 26. Ng3 Rh4 27. Bg4 Qb6
28. Rce1 b4 29. cxb4 axb4 30. Qxb4 Qxb4 31. axb4 Rxb4 32. Bf3 Rb3 33. Ref1 e4
34. Nxe4 Nxe4 35. Bxe4 Rxe4 36. f6 Bd8 0-1

[Event "32. Staufer-Open A-Turnier"]
[Site "Schwäbisch Gmünd"]
[Date "2020.01.05"]
[Round "8.17"]
[White "Jurek, Josef"]
[Black "Nguyen, Alex Dac-Vuong"]
[Result "1/2-1/2"]
[WhiteElo "2235"]
[BlackElo "2401"]
[PlyCount "31"]
[EventDate "2020.??.??"]
[WhiteTeam "SG Schwäbisch Gmünd"]
[BlackTeam "SG Leipzig"]

1. Nf3 Nf6 2. c4 c5 3. g3 d5 4. cxd5 Nxd5 5. Bg2 Nc6 6. Nc3 Nc7 7. O-O e5 8. b3
Be7 9. Bb2 O-O 10. Rc1 f6 11. Ne1 Bd7 12. Nd3 Rc8 13. f4 exf4 14. Nxf4 b6 15.
e3 Kh8 16. Kh1 1/2-1/2

[Event "32. Staufer-Open A-Turnier"]
[Site "Schwäbisch Gmünd"]
[Date "2020.01.05"]
[Round "8.18"]
[White "Heimrath, Reiner"]
[Black "Hacker, Jonas"]
[Result "0-1"]
[WhiteElo "2206"]
[BlackElo "2375"]
[PlyCount "62"]
[EventDate "2020.??.??"]
[WhiteTeam "SC Noris-Tarrasch Nürnberg"]
[BlackTeam "SC Eppingen"]

1. e4 e5 2. d4 exd4 3. Bc4 Nc6 4. Nf3 Nf6 5. e5 d5 6. Bb5 Ne4 7. Nxd4 Bc5 8.
O-O O-O 9. Bxc6 bxc6 10. Be3 Qe8 11. c3 Bd7 12. f3 Nd6 13. Bf4 Nc4 14. b4 Bb6
15. Re1 a5 16. Kh1 axb4 17. cxb4 Qe7 18. Nc2 f6 19. e6 Bxe6 20. Nd4 Bxd4 21.
Qxd4 Rfe8 22. a3 Ra4 23. h3 Qd7 24. Kh2 Bf7 25. Rxe8+ Bxe8 26. Qc3 Bf7 27. Qd4
h6 28. Bg3 Bg6 29. Qd1 Ra8 30. a4 Ne3 31. Qb3 Nf1+ 0-1

[Event "32. Staufer-Open A-Turnier"]
[Site "Schwäbisch Gmünd"]
[Date "2020.01.05"]
[Round "8.19"]
[White "Zeller, Frank"]
[Black "Farmani Anosheh, Yasha"]
[Result "1-0"]
[WhiteElo "2366"]
[BlackElo "2187"]
[PlyCount "101"]
[EventDate "2020.??.??"]
[WhiteTeam "BCA Augsburg"]
[BlackTeam "SK Ladenburg"]

1. Nf3 d5 2. c4 e6 3. g3 Nf6 4. Bg2 Be7 5. O-O O-O 6. b3 b6 7. Bb2 c5 8. d4 Bb7
9. cxd5 Nxd5 10. Re1 Nd7 11. e4 N5f6 12. Nc3 cxd4 13. Nxd4 Bc5 14. a3 a5 15.
Rc1 Rc8 16. h3 Bxd4 17. Qxd4 Nc5 18. Na4 Qxd4 19. Bxd4 Nxb3 20. Rxc8 Rxc8 21.
Bxb6 Rc4 22. Re3 Nc1 23. Nc5 Bc6 24. Bf1 Rc2 25. f3 a4 26. Na6 Nb3 27. Nb4 Rc1
28. Nxc6 Rxc6 29. Rd3 h6 30. Be3 Rc2 31. Rd8+ Kh7 32. e5 Rc3 33. Bd3+ Rxd3 34.
Rxd3 Nd5 35. Kf2 g5 36. f4 Kg6 37. Kf3 gxf4 38. Bxf4 h5 39. g4 hxg4+ 40. Kxg4
f5+ 41. exf6 Nxf6+ 42. Kf3 Kf5 43. Rd8 e5 44. Be3 Na5 45. Ra8 Nc4 46. Rxa4 e4+
47. Kf2 Ne5 48. Ra5 Ke6 49. Ra6+ Kf5 50. Rxf6+ Kxf6 51. Bd4 1-0

[Event "32. Staufer-Open A-Turnier"]
[Site "Schwäbisch Gmünd"]
[Date "2020.01.05"]
[Round "8.20"]
[White "Das, Soham"]
[Black "Yi, Danny"]
[Result "0-1"]
[WhiteElo "2355"]
[BlackElo "2182"]
[PlyCount "68"]
[EventDate "2020.??.??"]
[WhiteTeam "SK Tarrasch München"]
[BlackTeam "SF Kornwestheim"]

1. e4 e5 2. Nf3 Nf6 3. d4 Nxe4 4. Bd3 d5 5. Nxe5 Nd7 6. Nxd7 Bxd7 7. O-O Bd6 8.
Nc3 Nxc3 9. bxc3 O-O 10. Qh5 f5 11. Rb1 b6 12. Re1 Qf6 13. Qf3 c6 14. Bf4 Rae8
15. Qg3 Ba3 16. Bg5 Qd6 17. Qh4 h6 18. Bf4 Qg6 19. Be2 b5 20. Bh5 Rxe1+ 21.
Rxe1 Qf6 22. Qg3 g5 23. h4 g4 24. f3 Kh7 25. fxg4 fxg4 26. Be5 Qf5 27. c4 Bb4
28. c3 Ba3 29. cxd5 cxd5 30. c4 Bb4 31. Re3 Qb1+ 32. Kh2 Rf1 33. Qf4 Rxf4 34.
Bxf4 Qf5 0-1

[Event "32. Staufer-Open A-Turnier"]
[Site "Schwäbisch Gmünd"]
[Date "2020.01.05"]
[Round "8.21"]
[White "Lavrinenkov, Vadim"]
[Black "Pfatteicher, Lukas"]
[Result "1-0"]
[WhiteElo "2314"]
[BlackElo "2179"]
[PlyCount "143"]
[EventDate "2020.??.??"]
[WhiteTeam "SK Kriegshaber"]
[BlackTeam "Karlsruher SF"]

1. d4 Nf6 2. Nf3 g6 3. Bg5 Bg7 4. Nbd2 d5 5. e3 O-O 6. c3 Nbd7 7. h3 c6 8. Be2
Re8 9. Bf4 h6 10. O-O Ne4 11. Bh2 e5 12. Nxe4 dxe4 13. Nxe5 Nxe5 14. dxe5 Qe7
15. Qd6 Bxe5 16. Bxe5 Qxe5 17. Qxe5 Rxe5 18. Bc4 Be6 19. Bxe6 Rxe6 20. Rfd1
Rae8 21. Rd4 Kg7 22. Kf1 Re5 23. Rad1 R8e7 24. Ke1 Rg5 25. g3 Rh5 26. h4 Rb5
27. R1d2 h5 {(=)} 28. Rd6 Ra5 29. a3 Rae5 30. R2d4 Rb5 31. Rd2 Rbe5 32. Kd1 a5
33. Kc2 R7e6 34. Rxe6 Rxe6 35. c4 Kf6 36. c5 Re5 37. b4 Ke6 38. Rd6+ Ke7 39.
Rd4 axb4 40. axb4 f5 41. Rd6 Re6 42. Rd1 Re5 43. Rd6 Re6 44. Rd4 Rf6 45. Kb3
Rf8 46. Rd6 Rg8 47. b5 cxb5 48. Kb4 g5 49. hxg5 Rxg5 50. Rh6 Kd7 51. Kxb5 Kc7
52. Rh7+ Kc8 53. Rh6 Kc7 54. Rf6 h4 55. gxh4 Rh5 56. Rf7+ Kc8 57. Kc4 Kd8 58.
Kd4 Ke8 59. Rxb7 Rxh4 60. Ke5 Rh2 61. Rb2 Rh5 62. Rc2 Kd7 63. c6+ Kc7 64. Kf4
Rh8 65. Kxf5 Re8 66. Kf6 Rf8+ 67. Ke5 Re8+ 68. Kd4 Kc8 69. c7 Re6 70. Kd5 Re8
71. Kd6 Rf8 72. Rb2 1-0

[Event "32. Staufer-Open A-Turnier"]
[Site "Schwäbisch Gmünd"]
[Date "2020.01.05"]
[Round "8.22"]
[White "Högy, Kevin"]
[Black "Chittka, Julius"]
[Result "0-1"]
[WhiteElo "2244"]
[BlackElo "2304"]
[PlyCount "150"]
[EventDate "2020.??.??"]
[WhiteTeam "MTV Tostedt"]
[BlackTeam "SF Düsseldorf-Süd"]

1. d4 Nf6 2. Nf3 g6 3. c4 Bg7 4. Nc3 d5 5. Bf4 O-O 6. e3 c5 7. dxc5 Ne4 8. Rc1
Nd7 9. cxd5 Qa5 10. Bc4 Nxc3 11. bxc3 Bxc3+ 12. Kf1 Nxc5 13. Nd4 Bd7 14. d6 e5
15. Ne2 exf4 16. Nxc3 Be6 17. Bxe6 Nxe6 18. Qd5 Qa3 19. Ke2 Qb2+ 20. Qd2 Qxd2+
21. Kxd2 Rad8 22. Ne4 f5 23. Nc5 Rxd6+ 24. Ke2 Nxc5 25. Rxc5 fxe3 26. fxe3 Rf7
27. Rhc1 Re7 28. Rc7 Kf7 29. Kf3 Rdd7 30. Rxd7 Rxd7 31. Rc4 Kf6 32. h4 Ke5 33.
Ra4 a6 34. g4 Rd6 35. gxf5 gxf5 36. Rb4 b5 37. a4 Rb6 38. axb5 axb5 39. Ke2 Kd5
40. Kd3 Kc5 41. Rf4 Rd6+ 42. Kc3 Rd5 43. e4 fxe4 44. Rxe4 h5 45. Re8 Rf5 46.
Re4 Kd5 47. Rb4 Ke6 48. Kd3 Rd5+ 49. Ke3 Kd6 50. Ke4 Rc5 51. Kd3 Kc6 52. Rf4
Kb6 53. Rf6+ Ka5 54. Rh6 Kb4 55. Rh8 Kb3 56. Rg8 b4 57. Rg5 Rc3+ 58. Kd2 Rh3
59. Rxh5 Ka2 60. Ra5+ Kb1 61. h5 b3 62. Ra3 Rh2+ 63. Kd1 b2 64. Ra5 Rh4 65. Kd2
Rh1 66. Rb5 Ka2 67. Ra5+ Kb3 68. Rb5+ Ka3 69. Ke3 Rh4 70. Kd2 Rh1 71. Ke3 Rh3+
72. Kf4 Rb3 73. Rxb3+ Kxb3 74. Kg5 b1=Q 75. Kh6 Qf5 0-1

[Event "32. Staufer-Open A-Turnier"]
[Site "Schwäbisch Gmünd"]
[Date "2020.01.05"]
[Round "8.23"]
[White "Wachinger, Nikolas"]
[Black "Barzen, Pascal"]
[Result "0-1"]
[WhiteElo "2232"]
[BlackElo "2301"]
[PlyCount "64"]
[EventDate "2020.??.??"]
[WhiteTeam "SV Werder Bremen"]
[BlackTeam "SG Trier"]

1. d4 Nf6 2. c4 e6 3. Nc3 Bb4 4. f3 d5 5. a3 Be7 6. e4 dxe4 7. fxe4 e5 8. d5
Bg4 9. Be2 h5 10. Nf3 Nbd7 11. Be3 a5 12. Qc2 Bxf3 13. gxf3 Bc5 14. Bxc5 Nxc5
15. h4 Nfd7 16. O-O-O a4 17. Nb5 Kf8 18. Kb1 Rh6 19. Qd2 c6 20. dxc6 bxc6 21.
Nd6 Rg6 22. f4 Rg2 23. Rhf1 Kg8 24. Qe3 Qxh4 25. fxe5 Qh2 26. Rd2 Nb3 27. Rc2
Nxe5 28. Rf5 Ng4 29. Qd3 Nf2 30. Bf1 Nxd3 31. Rxg2 Qxd6 32. Rxh5 Nf4 0-1

[Event "32. Staufer-Open A-Turnier"]
[Site "Schwäbisch Gmünd"]
[Date "2020.01.05"]
[Round "8.24"]
[White "Poysti, Nathanael"]
[Black "Siddharth, Jagadeesh"]
[Result "0-1"]
[WhiteElo "2203"]
[BlackElo "2301"]
[PlyCount "86"]
[EventDate "2020.??.??"]

1. c4 e6 2. Nc3 d5 3. d4 Bb4 4. a3 Bxc3+ 5. bxc3 c5 6. cxd5 exd5 7. e3 Qc7 8.
Bb2 Ne7 9. Bd3 O-O 10. Ne2 Bf5 11. O-O Nbc6 12. Ng3 Bxd3 13. Qxd3 Na5 14. e4
dxe4 15. Qxe4 cxd4 16. cxd4 Rad8 17. d5 Nxd5 18. Nf5 f6 19. Rfd1 Nb6 20. Qe6+
Kh8 21. Rxd8 Qxd8 22. Re1 Nac4 23. Bc3 Qd7 24. Qxd7 Nxd7 25. Re7 Rd8 26. Rxg7
Nd6 27. Rxd7 Rxd7 28. Bxf6+ Kg8 29. Nh6+ Kf8 30. g4 Ne4 31. Be5 b5 32. h4 a5
33. f4 b4 34. axb4 axb4 35. g5 Nd2 36. Kf2 Nc4 37. Bf6 b3 38. h5 Rd6 39. Bc3
Rxh6 40. gxh6 b2 41. Bxb2 Nxb2 42. Kf3 Kf7 43. Ke4 Kf6 0-1

[Event "32. Staufer-Open A-Turnier"]
[Site "Schwäbisch Gmünd"]
[Date "2020.01.05"]
[Round "8.25"]
[White "Bluhm, Sonja Maria"]
[Black "Hahn, Markus"]
[Result "1/2-1/2"]
[WhiteElo "2183"]
[BlackElo "2297"]
[PlyCount "71"]
[EventDate "2020.??.??"]
[WhiteTeam "SV Hofheim"]
[BlackTeam "SVG Caissa Kassel"]

1. e4 c5 2. Nf3 e6 3. d4 cxd4 4. Nxd4 a6 5. Be2 Qc7 6. O-O Nc6 7. Be3 Nf6 8.
Nc3 b5 9. a3 Bb7 10. f4 Bc5 11. Kh1 Qb6 12. Nxc6 Bxe3 13. Ne5 Bd4 14. Bh5 g6
15. Bf3 d6 16. Nd3 Bxc3 17. e5 Ne4 18. Bxe4 Bxe4 19. bxc3 h5 20. Nf2 Bd5 21.
exd6 Rd8 22. Nh3 Qc6 23. Qe2 Qxc3 24. Ng5 Rxd6 25. Rfe1 O-O 26. Rad1 Rc8 27.
Ne4 Bxe4 28. Rxd6 Qxc2 29. h3 Bd5 30. Rd8+ Kh7 31. Rxc8 Qxc8 32. Qe5 Qc2 33.
Re2 Qd3 34. Kh2 a5 35. Qc7 Qxe2 36. Qxf7+ 1/2-1/2